| 000 | 00645nam a2200205 i 4500 | ||
|---|---|---|---|
| 001 | 78402 | ||
| 003 | ES-MaACL | ||
| 005 | 20230906173705.0 | ||
| 007 | t| | ||
| 008 | 041014s1954 sp ||||1| spa d | ||
| 100 | 1 |
_aHauser, Gayelord. _962112 |
|
| 245 | 1 | 0 |
_aViva más sano y más feliz = _b(Be happier, be healthier) / _cGayelord Hauser ; [traducción de José Miguel Velloso]. |
| 246 | 3 | _aBe happier, be healthier | |
| 250 | _a1ª ed. | ||
| 260 |
_aBarcelona : _bJuventud, _c1954 ( _fAtenas) |
||
| 300 |
_a204 p. : _bil. ; _c22 cm. |
||
| 650 | 4 |
_aHigiene. _913347 |
|
| 700 | 1 |
_aVelloso, José Miguel. _9113857 |
|
| 852 |
_aES-MaACL _jC-9104 |
||
| 999 |
_c78402 _d78402 |
||